000 00547nam a2200181Ia 4500
003 OSt
005 20200212112502.0
008 190216s9999||||xx |||||||||||||| ||und||
040 _coclc
082 _a297.61
_bALK/M
100 _aAl khowsari, Abdul Gaffar Moulavi
_91929
245 0 _aManalaranyathile Pravachakan /
_cAbdul Gaffar Moulavi Al khowsari
250 _a1st ed.
260 _bBetter Books,
_aKottayam:
_c1996.
300 _a297p
650 _xIslamic History
942 _cBK
_2ddc
_h297.61
_iALK/M
_k297.61
_mALK/M
999 _c22593
_d22593